000 00250 a2200097 4500
001 39816
100 _aHodson H V
245 _aThe Great Divide: Britain India Pakistan
260 _aKarachi
_bOxford University Press
_c1985
090 _c24820
_d24820
942 _aNUST-CAE
_cM
_c16470
999 _c274889
_d274889